Σύμμεικτα

Αποθηκεύτηκε σε:
Λεπτομέρειες βιβλιογραφικής εγγραφής
Κύριος συγγραφέας: Οικονομίδης, Δ. Β.
Άλλοι συγγραφείς: Μηνάς, Κωνσταντίνος, Μέγας, Γεώργιος Αν., 1893-1976
Μορφή: Βιβλίο
Γλώσσα:Greek
Δημοσίευση: Αθήναι : [χ.ό.], 1972
Θέματα:
Ετικέτες: Προσθήκη ετικέτας
Δεν υπάρχουν, Καταχωρήστε ετικέτα πρώτοι!

MARC

LEADER 00000nam a2200000 i 4500
001 1/11608
008 000913s1972 gre d
035 |l 10063895 
040 |a GR-MY-UA  |b gre  |e aacr 
041 0 |a gre 
082 0 |a 390.09495 
100 1 |a Οικονομίδης, Δ. Β. 
245 1 0 |a Σύμμεικτα  |h [ανάτυπο] 
260 |a Αθήναι :   |b [χ.ό.],   |c 1972 
300 |a σ. 279-315;  |c 24 cm 
500 |a Από το περιοδικό "Λαογραφία", τόμ. ΚΖ' (XXVII) 
505 0 |a Το ανάτυπο περιλαμβάνει τα : "Η λίμνη του Καϊάφα"/Δ.Β. Οικονομίδου, "Τα κάλαντα της Καρπάθου"/Κ. Μηνά, " Ο Αηβασίλης Ζευγολάτης"/Γ.Α. Μέγα 
650 0 0 |a Folklore  |z Greece. 
700 1 |a Μηνάς, Κωνσταντίνος. 
700 1 |a Μέγας, Γεώργιος Αν.,   |d 1893-1976. 
740 0 2 |a Η λίμνη του Καϊάφα 
740 0 2 |a Τα κάλαντα της Καρπάθου 
740 0 2 |a Ο Αηβασίλης ζευγολάτης 
852 |a INST  |b RHODES  |e 20000913  |h 390.09495 ΣΥΜ  |p 005400013430  |q 005400013430  |t BK  |y 0 
909 |a Ρ  |b 078512 
922 |a 4ΔΩΡ  |b 200004 
970 |z 2000/09/ΣΟΦΙΑ